| 000 | 00415nam a2200157 a 4500 | ||
|---|---|---|---|
| 001 | 3616 | ||
| 005 | 20140414131911.0 | ||
| 008 | 040719s19uu xx 00 eng d | ||
| 050 |
_aM 364.1 _bH24 2007 |
||
| 100 | _aHarrison, Paul | ||
| 245 | _aPirates : 3-D thrillers! /. | ||
| 260 |
_aLondon : _bArcturus, _c2007. |
||
| 300 | _a1 v. p. : ill. ; cm. | ||
| 650 |
_aPirates _xJuvenile literature. |
||
| 999 |
_c111241 _d111241 |
||